Statistics for Countries By Sport

Click here to take the quiz!

General Stats

  • This quiz has been taken 47 times
  • The average score is 11 of 15

Answer Stats

HintAnswer% Correct
IndiaCricket
94%
PakistanCricket
94%
BrazilFootball
94%
MoroccoFootball
85%
CanadaHockey
85%
United StatesAmerican Football
79%
MongoliaWrestling
79%
AustraliaAustralia Football
76%
CubaBaseball
76%
United KingdomFootball
76%
New ZealandRugby
76%
FinlandHockey
71%
JapanBaseball
62%
RussiaFootball
35%
ChinaBasketball
32%

Score Distribution

Percentile by Number Answered

Percent of People with Each Score

Your Score History

You have not taken this quiz